Pig in a Wig : (Record no. 102693)
[ view plain ]
| 000 -LEADER | |
|---|---|
| fixed length control field | 00389nam a2200145 a 4500 |
| 005 - DATE AND TIME OF LATEST TRANSACTION | |
| control field | 20140412111240.0 |
| 008 - FIXED-LENGTH DATA ELEMENTS--GENERAL INFORMATION | |
| fixed length control field | 110128s19uu xx 00 eng d |
| 020 ## - INTERNATIONAL STANDARD BOOK NUMBER | |
| International Standard Book Number | 1-56293-433 |
| 050 ## - LIBRARY OF CONGRESS CALL NUMBER | |
| Classification number | TR(PS E |
| Item number | Pi55 1994 |
| 100 ## - MAIN ENTRY--PERSONAL NAME | |
| Personal name | Nayer, Judy |
| 245 ## - TITLE STATEMENT | |
| Title | Pig in a Wig : |
| Remainder of title | a phonix flap book / |
| Statement of responsibility, etc | Judy Nayer. |
| 260 ## - PUBLICATION, DISTRIBUTION, ETC. (IMPRINT) | |
| Place of publication, distribution, etc | NY : |
| Name of publisher, distributor, etc | McClanahan, |
| Date of publication, distribution, etc | 1994. |
| 440 ## - SERIES STATEMENT/ADDED ENTRY--TITLE | |
| Title | Lift the flap |
| Withdrawn status | Lost status | Damaged status | Home library | Current library | Shelving location | Date acquired | Source of acquisition | Total Checkouts | Full call number | Barcode | Date last seen | Price effective from | Koha item type |
|---|---|---|---|---|---|---|---|---|---|---|---|---|---|
| Elizalde Library | Elizalde Library | Teachers Reference Section | 01/28/2011 | TR(PS E Pi55 1994 | E2512 | 04/12/2014 | 04/12/2014 | Books |